Turbo Assembler và ứng dụng

Gorde:
Xehetasun bibliografikoak
Egile nagusia: Đặng Thành Phu
Formatua: Liburua
Argitaratua: Khoa học và kỹ thuật 1998
Etiketak: Etiketa erantsi
Etiketarik gabe, Izan zaitez lehena erregistro honi etiketa jartzen!
Thư viện lưu trữ: Mạng thư viện Đại học Đà Nẵng
LEADER 00569nam a2200229 a 4500
001 000028565
003 10733
005 20171030145630.0
008 171030s1998
020 |c 22000 
040 |a LTT 
082 0 |a 005.13  |b ĐĂ-P 
100 1 |a Đặng Thành Phu 
245 0 0 |a Turbo Assembler và ứng dụng  |c Đặng Thành Phu. 
260 |b Khoa học và kỹ thuật  |c 1998 
OWN |a LTT 
999 |a From the UDN01 
TYP |a Monograph 
TYP |a Printed language 
980 |a Mạng thư viện Đại học Đà Nẵng